A show of resilience (Record no. 121092)
[ view plain ]
| 000 -LEADER | |
|---|---|
| fixed length control field | 00970nas a22002057a 4500 |
| 001 - CONTROL NUMBER | |
| control field | K121092 |
| 007 - PHYSICAL DESCRIPTION FIXED FIELD--GENERAL INFORMATION | |
| fixed length control field | ta |
| 008 - FIXED-LENGTH DATA ELEMENTS--GENERAL INFORMATION | |
| fixed length control field | 190815b2019 ||||| |||| 00| 0 eng d |
| 041 ## - LANGUAGE CODE | |
| Language code of text/sound track or separate title | eng |
| 100 ## - MAIN ENTRY--PERSONAL NAME | |
| Personal author | Dhonau, Mary |
| 245 ## - TITLE STATEMENT | |
| Title | A show of resilience |
| 490 ## - SERIES TITLE | |
| Series statement | RICS Property Journal |
| Volume | May/June 2019, 32-33(3) |
| 520 ## - ABSTRACT | |
| Abstract | Following recent flood damage to properties in Cumbria, the Cumbria Flood Resilience Showcase Project funded by private business and Environment Agency has showcased two properties a community centre and a residential property to demonstrate to householders and business owners what can be done to reduce devastation caused by flooding. The project included testing materials for resilience. |
| 650 ## - KEYWORDS | |
| Keywords | Flooding |
| 650 ## - KEYWORDS | |
| Keywords | Risk management |
| 650 ## - KEYWORDS | |
| Keywords | Building pathology |
| 651 ## - SUBJECT ADDED ENTRY--GEOGRAPHIC NAME | |
| Geographic name | United Kingdom 1973 |
| 690 ## - LOCAL SUBJECT ADDED ENTRY--TOPICAL TERM (OCLC, RLIN) | |
| 9 (RLIN) | 6223 |
| Topical term or geographic name as entry element | Building materials & defects |
| 856 ## - ONLINE RESOURCE | |
| Uniform Resource Identifier | https://issuu.com/ricsmodus/docs/property_journal-may-june_2019-rics/60 |
| Withdrawn status | Lost status | Damaged status | Not for loan | Home library | Current library | Shelving location | Date acquired | Total Checkouts | Date last seen | Price effective from | Koha item type |
|---|---|---|---|---|---|---|---|---|---|---|---|
| Virtual | Virtual | Online | 15/08/2019 | 15/08/2019 | 15/08/2019 | Journal article |